000 00644nam a2200217 i 4500
001 bgj
100 1 _aLOEWENSTEIN, Rudolph M.
245 1 0 _aPsychoanalyse des Antisemitismus /
_cRudolph M. Loewenstein ; [aus dem Französichen übersetz von Lothar Baier].
260 _aFrankfurt am Main :
_bSuhrkamp Verlag,
_c1967.
300 _a173, [1] s. ;
_c18 cm.
490 1 _aEdition Suhrkamp
_v241
650 9 _aAntysemityzm
_xpsychoanaliza
700 1 _aBAIER, Lothar.
830 _aEdition Suhrkamp
040 _cBPK
041 0 _ager
_hfre
044 _aGER
080 _a159.9
942 _cKS
008 s gw f |000 0 ger
999 _c50645
_d50645
856 _uhttp://koha.tu.koszalin.pl/cgi-bin/koha/opac-detail.pl?biblionumber=50645
_yKatalog online BPK